| 000 | 00679nam a2200217 4500 | ||
|---|---|---|---|
| 003 | OSt | ||
| 005 | 20240730024929.0 | ||
| 006 | a | ||
| 008 | 240730b |||||||| |||| 00| 0 eng d | ||
| 020 | _a9780816064007 | ||
| 040 |
_aDWCL-Main lib. _cOC |
||
| 082 | _aGR. 371.903 T939a 2006 | ||
| 100 | _aTurkington, Carol | ||
| 245 | _aThe A to Z of learning disabiliries / | ||
| 260 |
_aN.Y. : _bCheckmark Books, _cc2006. |
||
| 300 |
_axii, _b304 p. ; _c24 cm. |
||
| 504 | _aIncludes bibliographical references & index. | ||
| 650 | _a1. Learning disabilities-Encyclopedias. | ||
| 650 | _a2. Learning disabled-Education-United States-Encyclopedias. | ||
| 942 |
_2ddc _n0 _cGR _kGR. |
||
| 999 |
_c2942 _d2942 |
||